[Event "Moscow op-A 16th"]
[Site "Moscow"]
[Date "2020.01.26"]
[Round "2"]
[White "Shinkarev, Artem"]
[Black "Tarasov, Danila"]
[Result "1-0"]
[WhiteElo "1817"]
[BlackElo "2138"]
[PlyCount "114"]
[EventDate "2020.01.25"]
[EventType "swiss"]
[EventRounds "9"]
[EventCountry "RUS"]
[SourceTitle "CBM 194 Extra"]
[Source "ChessBase"]
[SourceDate "2020.03.31"]
[SourceVersion "1"]
[SourceVersionDate "2020.03.31"]
[SourceQuality "1"]

1. d4 d6 2. e4 Nf6 3. Nc3 c6 4. a4 b6 5. g3 Nbd7 6. Bg2 e5 7. Nge2 Be7 8. 0-0 0-0 9. h3 Bb7 10. Be3 Re8 11. dxe5 dxe5 12. Qb1 a5 13. Rd1 Qc7 14. Rd2 Ba6 15. Qe1 Bb4 16. f3 Bc4 17. Bf1 Bc5 18. Nc1 Bxf1 19. Kxf1 Bxe3 20. Qxe3 Nc5 21. Nd3 Ne6 22. Rad1 Rad8 23. Ne2 c5 24. b3 Nd4 25. Nb2 h6 26. Nc1 Nh5 27. c3 Ne6 28. Ne2 Rxd2 29. Rxd2 Rd8 30. Nc4 Kf8 31. Kg2 Nf6 32. Rxd8+ Nxd8 33. Nc1 Nc6 34. Nd3 Ne8 35. Qe2 f6 36. Ne3 Ne7 37. Nb2 Nd6 38. Qd3 Qc6 39. Qa6 b5 40. Qxa5 Qd7 41. Qa8+ Kf7 42. Nd5 f5 43. Nxe7 Kxe7 44. Qd5 bxa4 45. bxa4 Kf6 46. Nd3 fxe4 47. fxe4 Qe7 48. Nxc5 Kg6 49. Nd3 Nf7 50. a5 Kh7 51. a6 Qa7 52. Nc5 Kg8 53. h4 Qb6 54. Qb7 Qd6 55. a7 Qd2+ 56. Kh3 Qf2 57. a8Q+ Kh7 1-0

[Event "Moscow-ch final"]
[Site "Moscow"]
[Date "2019.04.04"]
[Round "6"]
[White "Tarasov, Danila"]
[Black "Galaktionov, Artem"]
[Result "0-1"]
[WhiteElo "1934"]
[BlackElo "2332"]
[PlyCount "124"]
[EventDate "2019.03.30"]
[EventType "swiss"]
[EventRounds "9"]
[EventCountry "RUS"]
[SourceTitle "CBM 189 Extra"]
[Source "ChessBase"]
[SourceDate "2019.06.03"]
[SourceVersion "1"]
[SourceVersionDate "2019.06.03"]
[SourceQuality "1"]

1. e4 c6 2. d4 g6 3. Nc3 Bg7 4. Nf3 d6 5. Bc4 Nd7 6. Ng5 e6 7. d5 cxd5 8. exd5 e5 9. Nge4 Nb6 10. Bb5+ Kf8 11. 0-0 f5 12. Ng3 Nf6 13. a4 a5 14. b3 h5 15. Ba3 h4 16. Nge2 Qc7 17. b4 axb4 18. Bxb4 Nbd7 19. Qc1 Nc5 20. Qa3 Kf7 21. Nc1 Bf8 22. a5 Na6 23. N1e2 Nxb4 24. Qxb4 g5 25. Qc4 Qxc4 26. Bxc4 Be7 27. Rfb1 Nd7 28. Nb5 b6 29. a6 Bxa6 30. Nxd6+ Bxd6 31. Bxa6 Bc5 32. Bb7 Rxa1 33. Rxa1 Nf6 34. Nc1 Bd4 35. Ra2 Ne4 36. Nd3 Nc3 37. Ra7 Kf6 38. Bc6 Rd8 39. Nb4 Bc5 40. Na6 Nxd5 41. Nxc5 bxc5 42. Rd7 Rxd7 43. Bxd7 e4 44. g3 h3 45. Bc6 Nb4 46. Ba4 Ke5 47. c3 Na2 48. c4 Nc3 49. Bd7 Ne2+ 50. Kf1 Nd4 51. Kg1 Nf3+ 52. Kh1 Nd2 53. Bb5 f4 54. gxf4+ gxf4 55. Bd7 Nxc4 56. Bxh3 Na3 57. Bd7 c4 58. Ba4 c3 59. Kg1 c2 60. Bxc2 Nxc2 61. Kf1 Nd4 62. h4 Kf5 0-1

[Event "RUS-chT U14"]
[Site "Sochi"]
[Date "2017.05.09"]
[Round "8.5"]
[White "Minachev, Maksim"]
[Black "Tarasov, Danila"]
[Result "1-0"]
[WhiteElo "1956"]
[BlackElo "1744"]
[PlyCount "115"]
[EventDate "2017.05.01"]
[EventType "team-tourn"]
[EventRounds "9"]
[EventCountry "RUS"]
[SourceTitle "CBM 178 Extra"]
[Source "ChessBase"]
[SourceDate "2017.06.22"]
[SourceVersion "1"]
[SourceVersionDate "2017.06.22"]
[SourceQuality "1"]

1. d4 d5 2. Nf3 Nc6 3. g3 Bg4 4. Bg2 Qd7 5. c4 dxc4 6. d5 0-0-0 7. Nc3 Bxf3 8. Bxf3 Ne5 9. Bg2 e6 10. Qd4 Nc6 11. Qxc4 Nb4 12. 0-0 exd5 13. Qb3 d4 14. a3 Nc6 15. Nb5 Bc5 16. Bf4 Bb6 17. Rac1 Nge7 18. Bxc7 Qe6 19. Qxe6+ fxe6 20. Bxd8 Rxd8 21. a4 Kb8 22. Na3 Bc7 23. Nc4 Nd5 24. Rfd1 e5 25. Nd2 Ncb4 26. Ne4 Nf6 27. Nc5 Nbd5 28. Ne6 Rd7 29. Nxc7 Rxc7 30. Rxc7 Kxc7 31. Rc1+ Kb6 32. Rc4 a5 33. Bxd5 Nxd5 34. Kf1 Nb4 35. h4 Nc6 36. Ke1 Kc7 37. Rc5 b6 38. Rb5 d3 39. Rb3 dxe2 40. Rc3 Kd6 41. Kxe2 Ne7 42. Rb3 Nd5 43. Kd3 g6 44. Kc4 Ke6 45. Rb5 Ne7 46. Rxb6+ Kf5 47. b4 Ke4 48. bxa5 Kf3 49. Rf6+ Nf5 50. a6 Kxf2 51. a7 e4 52. g4 e3 53. gxf5 e2 54. fxg6+ Kg1 55. Re6 h5 56. g7 Kf1 57. a8Q e1Q 58. Qh1+ 1-0

[Event "RUS-chT U14"]
[Site "Sochi"]
[Date "2017.05.07"]
[Round "6.5"]
[White "Tarasov, Danila"]
[Black "Gubarev, Vladislav"]
[Result "1-0"]
[WhiteElo "1744"]
[BlackElo "1399"]
[PlyCount "107"]
[EventDate "2017.05.01"]
[EventType "team-tourn"]
[EventRounds "9"]
[EventCountry "RUS"]
[SourceTitle "CBM 178 Extra"]
[Source "ChessBase"]
[SourceDate "2017.06.22"]
[SourceVersion "1"]
[SourceVersionDate "2017.06.22"]
[SourceQuality "1"]

1. e4 c5 2. Nf3 Nc6 3. d4 cxd4 4. Nxd4 Qb6 5. Nb3 Nf6 6. Bd3 e6 7. Be3 Qc7 8. 0-0 Be7 9. Nc3 a6 10. f4 d6 11. a4 b6 12. Qd2 Ng4 13. Rae1 Nxe3 14. Qxe3 Nb4 15. Qg3 0-0 16. f5 Kh8 17. fxe6 Bxe6 18. Nd5 Nxd5 19. exd5 Bxd5 20. Bxh7 Kxh7 21. Qd3+ Kg8 22. Qxd5 Bf6 23. c3 Rac8 24. Re4 Rfe8 25. Nd2 Qc5+ 26. Qxc5 dxc5 27. Rfe1 Kf8 28. Nc4 Rxe4 29. Rxe4 b5 30. axb5 axb5 31. Nd6 Rb8 32. Kf1 b4 33. cxb4 cxb4 34. Nc4 Re8 35. Rxe8+ Kxe8 36. Ke2 Kd7 37. Kd3 Ke6 38. Ke4 g5 39. g4 Bd8 40. b3 Bc7 41. h3 f6 42. Ne3 Bf4 43. Nc2 Bd2 44. Nd4+ Kf7 45. Kd5 Bc3 46. Nc6 Be1 47. Kc4 Ke6 48. Nxb4 Bxb4 49. Kxb4 Ke5 50. Kc4 Kf4 51. Kd4 Kg3 52. Ke4 Kxh3 53. Kf5 Kg3 54. b4 1-0

[Event "RUS-chT U14"]
[Site "Sochi"]
[Date "2016.05.09"]
[Round "8.2"]
[White "Tarasov, Danila"]
[Black "Dunaev, Denis"]
[Result "1/2-1/2"]
[WhiteElo "1859"]
[BlackElo "1628"]
[PlyCount "83"]
[EventDate "2016.05.01"]
[EventType "team-tourn"]
[EventRounds "9"]
[EventCountry "RUS"]
[SourceTitle "EXT 2018"]
[Source "ChessBase"]
[SourceDate "2017.10.13"]
[SourceVersion "1"]
[SourceVersionDate "2017.10.13"]
[SourceQuality "1"]

1. Nc3 e6 2. e4 d5 3. Nf3 Nf6 4. e5 Nfd7 5. d4 c5 6. dxc5 Bxc5 7. Bd3 Nc6 8. Bf4 Qb6 9. 0-0 a6 10. a3 Qc7 11. Re1 h6 12. b4 Be7 13. Ne2 Ncxe5 14. Nxe5 Nxe5 15. Bxe5 Qxe5 16. Ng3 Qc7 17. Qg4 Bf6 18. Rad1 g6 19. Qf3 Be7 20. c4 dxc4 21. Rc1 0-0 22. Rxc4 Qb6 23. Rec1 Bd7 24. Be4 Rab8 25. Qg4 Bg5 26. Bb1 f5 27. Qd1 Bb5 28. Rc5 Bxc1 29. Qxc1 Rbd8 30. h4 Qd6 31. Qxh6 Be8 32. Ba2 Bf7 33. Nf1 Rc8 34. Ne3 Rxc5 35. bxc5 Qe5 36. Bc4 Rc8 37. Qg5 Rxc5 38. h5 f4 39. Qd8+ Kg7 40. h6+ Kh7 41. Ng4 Qa1+ 42. Bf1 1/2-1/2

[Event "EU-ch U10 25th"]
[Site "Porec"]
[Date "2015.09.27"]
[Round "6"]
[White "Tarasov, Danila"]
[Black "Antonica, Dragos Andrei"]
[Result "0-1"]
[WhiteElo "1889"]
[BlackElo "1800"]
[PlyCount "82"]
[EventDate "2015.09.21"]
[EventType "swiss"]
[EventRounds "9"]
[EventCountry "CRO"]
[SourceTitle "EXT 2016"]
[Source "ChessBase"]
[SourceDate "2015.10.08"]
[SourceVersion "1"]
[SourceVersionDate "2015.10.08"]
[SourceQuality "1"]

1. e4 e6 2. d4 d5 3. Nc3 Bb4 4. Bd3 dxe4 5. Bxe4 Nf6 6. Bf3 c5 7. Nge2 0-0 8. 0-0 Nc6 9. Be3 Qe7 10. Qe1 e5 11. Bxc6 cxd4 12. Bg5 bxc6 13. Nxd4 exd4 14. Qxe7 Bxe7 15. Bxf6 Bxf6 16. Ne4 Bf5 17. Nxf6+ gxf6 18. Rad1 c5 19. Rd2 Rfe8 20. h3 Re7 21. g4 Bg6 22. f4 f5 23. gxf5 Bxf5 24. Rg2+ Kh8 25. Kh2 Rg8 26. Rgf2 Re3 27. Rf3 Rxf3 28. Rxf3 Bxc2 29. Rf2 Be4 30. h4 f5 31. Rd2 Kg7 32. Rd1 Kf6 33. h5 Rg2+ 34. Kh3 Rxb2 35. Rg1 Rxa2 36. h6 Rg2 37. Rc1 d3 38. Rxc5 d2 39. Rc8 d1Q 40. Rf8+ Ke7 41. Rxf5 Qh1# 0-1

[Event "Moscow Petrosian Memorial op"]
[Site "Moscow"]
[Date "2015.01.08"]
[Round "5"]
[White "Tarasov, Danila"]
[Black "Dimitrova, Aleksandra"]
[Result "0-1"]
[WhiteElo "1846"]
[BlackElo "2128"]
[PlyCount "78"]
[EventDate "2015.01.04"]
[EventType "swiss"]
[EventRounds "9"]
[EventCountry "RUS"]
[SourceTitle "CBM 164 Extra"]
[Source "ChessBase"]
[SourceDate "2015.03.02"]
[SourceVersion "1"]
[SourceVersionDate "2015.03.02"]
[SourceQuality "1"]

1. e4 c5 2. d4 cxd4 3. c3 dxc3 4. Nxc3 e6 5. Nf3 a6 6. Bc4 Nc6 7. 0-0 Nge7 8. Bg5 Qc7 9. Rc1 Qb8 10. Qe2 Ng6 11. Rfd1 b5 12. Bb3 h6 13. Be3 Be7 14. g3 0-0 15. Ne1 Na5 16. f4 Nxb3 17. axb3 d6 18. Nd3 Qb7 19. b4 Bd7 20. Qg4 Kh7 21. f5 Ne5 22. Nxe5 dxe5 23. Qh3 exf5 24. exf5 Qf3 25. Nd5 Bxf5 26. Qf1 Qe4 27. Qf2 Bg5 28. Bxg5 hxg5 29. Ne7 Be6 30. Qd2 Qg4 31. Qc2+ g6 32. Kg2 Qxb4 33. Nc6 Qb3 34. Qd2 Rac8 35. Rc3 Qa2 36. Nxe5 Rxc3 37. Qxc3 Rc8 38. Qd2 Qb3 39. Qf2 Qxd1 0-1

[Event "Moscow Petrosian Memorial op"]
[Site "Moscow"]
[Date "2015.01.07"]
[Round "4"]
[White "Yeritsyan, Aram"]
[Black "Tarasov, Danila"]
[Result "1-0"]
[WhiteElo "2080"]
[BlackElo "1846"]
[PlyCount "111"]
[EventDate "2015.01.04"]
[EventType "swiss"]
[EventRounds "9"]
[EventCountry "RUS"]
[SourceTitle "CBM 164 Extra"]
[Source "ChessBase"]
[SourceDate "2015.03.02"]
[SourceVersion "1"]
[SourceVersionDate "2015.03.02"]
[SourceQuality "1"]

1. e4 Nf6 2. e5 Nd5 3. c4 Nb6 4. d4 d6 5. exd6 cxd6 6. Be3 g6 7. Nc3 Bg7 8. Rc1 0-0 9. b3 Nc6 10. d5 Ne5 11. Be2 Re8 12. f4 Ned7 13. Nf3 Nf6 14. Nd4 e6 15. dxe6 Bxe6 16. Nxe6 Rxe6 17. Bd4 Ng4 18. Bxg7 Kxg7 19. Qd4+ Kg8 20. 0-0 Qh4 21. Bxg4 Qxg4 22. Ne4 Qh4 23. g3 Qe7 24. Nc3 Rc8 25. Nb5 a6 26. Qxb6 axb5 27. Qxb5 Re2 28. Qd5 Rxa2 29. Rce1 Re2 30. Rxe2 Qxe2 31. Qxb7 Re8 32. f5 Qe3+ 33. Kh1 Qd3 34. Qf3 Qxf3+ 35. Rxf3 Rb8 36. fxg6 hxg6 37. Kg2 Kf8 38. Re3 Kg7 39. Kf3 f5 40. Rd3 Rb6 41. Ke3 Kf6 42. h4 g5 43. hxg5+ Kxg5 44. Kd4 f4 45. gxf4+ Kxf4 46. Kd5 Kf5 47. Rf3+ Kg4 48. Rf8 Kg5 49. Rf1 Kg6 50. Rb1 Kf7 51. b4 Ke7 52. b5 Kd7 53. Ra1 Kc7 54. Ra7+ Kc8 55. Ra6 Rb7 56. Rxd6 1-0

[Event "Moscow Petrosian Memorial op"]
[Site "Moscow"]
[Date "2015.01.05"]
[Round "2"]
[White "Popov, Oleg1111"]
[Black "Tarasov, Danila"]
[Result "1-0"]
[WhiteElo "2054"]
[BlackElo "1846"]
[PlyCount "69"]
[EventDate "2015.01.04"]
[EventType "swiss"]
[EventRounds "9"]
[EventCountry "RUS"]
[SourceTitle "CBM 164 Extra"]
[Source "ChessBase"]
[SourceDate "2015.03.02"]
[SourceVersion "1"]
[SourceVersionDate "2015.03.02"]
[SourceQuality "1"]

1. d4 Nf6 2. c4 g6 3. Nc3 d5 4. cxd5 Nxd5 5. e4 Nxc3 6. bxc3 Bg7 7. Be3 0-0 8. Qd2 c5 9. Rc1 Qa5 10. Nf3 Rd8 11. d5 Nd7 12. c4 Qa3 13. Bd3 Nf6 14. 0-0 b6 15. h3 Ne8 16. Bf4 Bb7 17. Rfd1 Qa4 18. Qe2 Qd7 19. Bb1 Qc8 20. Bg5 Qc7 21. e5 f6 22. Bf4 Qc8 23. Bc2 Kh8 24. Ba4 Kg8 25. Re1 Kh8 26. exf6 exf6 27. Qe7 Kg8 28. Kh2 Qf5 29. Bg3 Qc8 30. Rcd1 a6 31. d6 Bf8 32. d7 Bxe7 33. dxc8Q Raxc8 34. Rxd8 Rxd8 35. Rxe7 1-0